Vista normal
Vista MARC
Entrada Topical Term
Número de registros utilizados en: 2
001 - CONTROL NUMBER
- control field: 22700
003 - CONTROL NUMBER IDENTIFIER
- control field: OSt
005 - DATE AND TIME OF LATEST TRANSACTION
- control field: 20230915230848.0
008 - FIXED-LENGTH DATA ELEMENTS
- fixed length control field: 230915|| aca||aabn | a|a d
040 ## - CATALOGING SOURCE
- Original cataloging agency: OSt
- Transcribing agency: OSt
150 ## - HEADING--TOPICAL TERM
- Topical term or geographic name entry element: IGUALDAD ANTE LA LEY - COLOMBIA
670 ## - SOURCE DATA FOUND
- Source citation: Work cat.: (OSt)25862: Colombia : Ministerio de Justicia y del Derecho, , Justicia para la gente , una visión alternativa . Desarrollo gubernamental del plan social de justicia para el periodo 1994 - 1998, Imprenta Nacional